Rovnováha proč je rovnost výhodná pro každého
Salvato in:
| Autore principale: | |
|---|---|
| Altri autori: | , |
| Natura: | Libro |
| Lingua: | ceco |
| Pubblicazione: |
Všeň
Grimmus
2013
|
| Soggetti: | |
| Tags: |
Nessun Tag, puoi essere il primo ad aggiungerne!!
|
MARC
| LEADER | 00000nam a2200000 4500 | ||
|---|---|---|---|
| 001 | 0201951 | ||
| 005 | 20240313090349.1 | ||
| 020 | |a 978-80-87461-09-9 | ||
| 041 | 0 | |a cze | |
| 044 | |a CZ | ||
| 245 | 1 | 0 | |a Rovnováha |b proč je rovnost výhodná pro každého |c Richard Wilkinson, Kate Pickettová ; přeložila: Petra Kudrnáčová |
| 264 | 1 | |a Všeň |b Grimmus |c 2013 | |
| 300 | |a 328 s. | ||
| 610 | 2 | 0 | |a problémy spoločenské |
| 610 | 2 | 0 | |a príjmy obyvateľstva |
| 610 | 2 | 0 | |a nerovnosť sociálna |
| 610 | 2 | 0 | |a úroveň životná |
| 610 | 2 | 0 | |a dôsledky sociálne |
| 610 | 2 | 0 | |a triedy spoločenské |
| 610 | 2 | 0 | |a štýl životný |
| 610 | 2 | 0 | |a stravovanie spoločné |
| 610 | 2 | 0 | |a chorobnosť |
| 610 | 2 | 0 | |a porovnanie medzinárodné |
| 610 | 2 | 0 | |a výskum |
| 100 | 1 | |a Wilkinson, Richard | |
| 700 | 1 | |a Pickettová, Kate | |
| 700 | 1 | |a Kudrnáčová, Petra | |